000
00339nam a2200145Ia 4500
003
OSt
005
20240103153042.0
008
170523s9999 xx 000 0 und d
020
_a
0070529132
040
_c
iimt university meerut
100
_a
LOGEN
245
0
_a
EVALUTION NOT REVOLUATION
260
_b
TATA MC GRAW HILL
942
_2
ddc
_c
02
999
_c
1676
_d
1676